000 01716cam a2200361 i 4500
003 SA-RiAUC
005 20240904153115.0
008 240831s1984 le g 00000dara c
024 0 _a22000000000258
024 0 _a22000000000259
040 _aSD-KhNU
_bara
_cSA-RiAUC
_erda
050 4 _b.I26 1984
050 4 _bA26 1984
082 0 4 _a953.03
_bت ب ا
_qSA-RiAUC
100 _aالتباني، محمد العربي،
_d1898-1970
_eمؤلف.
_968
245 1 0 _aتحذير العبقري من محاضرات الخضري، أو، إفادة الأخيار ببراءة الأبرار /
_cمحمد العربي التباني.
246 3 3 _aإفادة الأخيار ببراءة الأبرار
250 _aالطبعة الثانية.
264 1 _aبيروت :
_bدار الكتب العلمية،
_c1984
300 _a2 مجلد (360 ؛ 330 صفحة )
336 _aنص
_btxt
_2rdacontent
_3كتاب
337 _aبدون وسيط
_bn
_2rdamedia
338 _aمجلد
_bnc
_2rdacarrier
504 _aيشتمل على إرجاعات ببليوجرافية.
600 1 7 _aالخضري، محمد بن عفيفي الباجوري،
_cبك،
_d1289-1345 هجري
_2aucnm
650 7 _aالصحابة والتابعون
_xدفع مطاعن
_2aucsh
650 0 _aالتاريخ الإسلامي
_yعصر صدر الإسلام
_2aucsh
_969
650 7 _aالتاريخ الإسلامي
_yالعصر الأموي
_2aucsh
700 1 2 _aالخضري، محمد بن عفيفي الباجوري،
_cبك،
_d1289-1345 هجري
740 0 2 _aمحاضرات تاريخ الأمم الإسلامية : الدولة الأموية.
942 _2ddc
_cBOOK
_n0
949 _aSA-JeALM
_d240831
_ukhaled123
_n1
999 _c56
_d56